Κατάλογος Βιβλιοθηκών Mediterranean College

Strategic Planning for Information Systems / Second Edition (Record no. 1047)

MARC details
000 -LEADER
fixed length control field 01507cam a22002174a 4500
005 - ΗΜΕΡΟΜΗΝΙΑ ΚΑΙ ΩΡΑ ΤΕΛΕΥΤΑΙΑΣ ΕΝΗΜΕΡΩΣΗΣ
Πεδίο ελέγχου 20250605163956.0
008 - FIXED-LENGTH DATA ELEMENTS--GENERAL INFORMATION
Πεδίο ελέγχου σταθερού μήκους 250528s ||||||||||||||||||||||||d
035 ## - SYSTEM CONTROL NUMBER
System control number 15468
020 ## - ISBN
ISBN 471961833
040 ## - ΠΗΓΗ ΚΑΤΑΛΟΓΟΓΡΑΦΗΣΗΣ
Φορέας πρωτότυπης καταλογογράφησης MC Athens Campus Library
Γλώσσα καταλογογράφησης Ελληνικά, Μοντέρνα (1453-)
Modifying agency MC Athens Campus Library
Κανόνες περιγραφικής καταλογογράφησης AACR2
245 1# - ΤΙΤΛΟΣ ΚΑΙ ΔΗΛΩΣΗ ΥΠΕΥΘΥΝΟΤΗΤΑΣ
Τίτλος Strategic Planning for Information Systems / Second Edition
250 ## - EDITION STATEMENT
Edition statement 2nd
260 ## - PUBLICATION, DISTRIBUTION, ETC.
Name of publisher, distributor, etc. John Wiley & Sons,
Date of publication, distribution, etc. 1996
300 ## - PHYSICAL DESCRIPTION
Extent 590
520 ## - SUMMARY, ETC.
Summary, etc. The book explores the impact that information systems (IS) makes to the strategic development of organizations. Series Preface, Acknowledgements, The Evolving Role of Information Systems and Technology in Organizations: A Strategic Perspective, An Overview of Business Strategy Concepts and the Implications for IS/ IT Strategy, Strategic Information Systems Planning: What is Involved in Establishing a Planning Process?, IS/ IT Strategic Analysis: Assessing and Understanding the Current Situation, IS/ IT Strategic Analysis: Determining the Future Potential, Determining the Business Information Systems Strategy, Managing the Applications Portfolio, Strategic Management of IS/ IT: Organization and Resources, Strategies for Information Management, Managing Information Systems and Technology Investments, Managing Application Development, Strategies for Managing the Technology Infrastructure, Strategic Planning for Information Systems: Quo Vadis?, Index.
700 1# - ΠΡΟΣΘΕΤΗ ΑΝΑΓΡΑΦΗ--ΦΥΣΙΚΟ ΠΡΟΣΩΠΟ
Personal name Griffiths Pat
9 (RLIN) 1393
700 1# - ΠΡΟΣΘΕΤΗ ΑΝΑΓΡΑΦΗ--ΦΥΣΙΚΟ ΠΡΟΣΩΠΟ
Personal name Ward John
9 (RLIN) 1394
942 ## - ADDED ENTRY ELEMENTS (KOHA)
Koha item type Books
Holdings
Τύπος τεκμηρίου Βιβλιοθήκη Τρέχουσα τοποθεσία Barcode Αριθμός εισαγωγής Ημερομηνία απόκτησης Ταξιθετικό σύμβολο Αριθμός αντιτύπου Κατάσταση απόσυρσης Κατάσταση χαμένου Κατάσταση κατεστραμμένου Μη δανεισμός Σύνολο δανεισμών Ημερομηνία τελευταίας εμφάνισης Η τιμή ισχύει από
Books MC Athens Campus Library MC Athens Campus Library 9780000010469 1813 05/06/2025 658.4/038/011 WAR 1           05/06/2025 05/06/2025

MC Athens Campus Library
Πατησίων 94 & Κοδριγκτώνος 13, 104 34
Πελλήνης 8 & Πατησίων 107, 112 51
Τ: +30 210 8899600

MC Thessaloniki Campus Library
Ίωνος Δραγούμη 21, 54625 | Ίωνος Δραγούμη 15, 54625
Τ: +30 2310 287779 – Τ: +30 2314 440300